| 000 | 00356 a2200157 4500 | ||
|---|---|---|---|
| 001 | 152701 | ||
| 040 | _cEscola São Tomás de Aquino | ||
| 100 | _aAZEVEDO, Artur | ||
| 240 | 1 | 0 |
_aHistórias sobre ética _lpor |
| 245 | 1 | 0 | _aHistórias sobre ética |
| 300 | _a146 | ||
| 362 | 0 | _a2014 | |
| 440 | 1 | _aÁtica | |
| 697 | _a*LITERATURA JUVENIL | ||
| 942 | _cBK | ||
| 999 |
_c152701 _d152701 |
||